Statistics for 2010s Every Month #QCC2010

Click here to take the quiz!

General Stats

  • This quiz has been taken 6 times
    (5 since last reset)
  • The average score is 63 of 120

Answer Stats

MonthAnswer% Correct
January, 2010
{Burj Khalifa}, which has become the tallest building in the world, has been inaugurated in Dubai
100%
June, 2018FIFA World Cup takes place in {Russia}
100%
July, 2018{France} wins FIFA World Cup for the second time
100%
October, 2010Getting started on the {Instagram} social network
100%
July, 2015{Iran} agrees to limit nuclear program in exchange for sanctions relief
100%
February, 2019Macedonia renamed to {North Macedonia}
100%
December, 2017Russia was suspended from the {Olympics} during the doping scandal
100%
August, 2018Schoolgirl {Greta Thunberg} has started a climate strike in front of the Swedish parliament
100%
July, 2010The BBC coming out the series {Sherlock}, based on the iconic works of Arthur Conan Doyle
100%
March, 2010The eruption of the Eyjafjallajokull volcano in {Iceland} disrupted air traffic in Europe
100%
April, 2019The fire at {Notre Dame} in Paris is causing huge damage to it
100%
December, 2019The first cases of {COVID-19} are being registered in Wuhan
100%
July, 2012The opening ceremony of the Summer Olympics in {London} is taking place
100%
October, 2015The release of the song Hello by singer {Adele}
100%
March, 2012{Vladimir Putin} won the Russian presidential election, which intensifies protests in the country
100%
December, 2018Andres Manuel Lopez Obrador becomes President of {Mexico}
80%
September, 2014A referendum on independence of {Scotland} from the United Kingdom
80%
March, 2014A referendum on the annexation of {Crimea} to Russia is being held
80%
November, 2012{Barack Obama} won the US presidential election again
80%
July, 2017{Despacito} became the most viewed video on YouTube
80%
November, 2016{Donald Trump} wins the US election
80%
June, 2010FIFA World Cup 2010 has started in {South Africa}
80%
December, 2011Kim Jong-il died, and his son, {Kim Jong-un}, took his place
80%
July, 2014{Malaysia} Airlines Boeing flying over Ukraine was shot down
80%
April, 2017Marine le Pen and {Emmanuel Macron} became main candidates in the French presidential elections
80%
April, 2013{Nicolas Maduro} has been elected President of Venezuela
80%
May, 2018Prince Harry marries American {Meghan Markle}
80%
February, 2012Singer {Whitney Houston} died due to drowning in a bathtub and using cocaine
80%
November, 2015Terrorist attacks are being carried out in {Paris}, ISIS is taking responsibility for them, calling them "French September 11"
80%
December, 2013The first president of post-apartheid South Africa, {Nelson Mandela}, has died
80%
July, 2011The independence of {South Sudan}, which has become the youngest country in the world, has been proclaimed
80%
June, 2014The international intervention against the terrorist organization {ISIS} begins
80%
August, 2016The Summer Olympics are taking place in {Rio de Janeiro}
80%
June, 2016The United Kingdom voted to leave the European Union, called {Brexit}
80%
August, 2010The United States announced the end of the military operation in {Iraq}, that was started by G. W. Bush
80%
December, 2014The United States has begun the process of normalizing relations with {Cuba}
80%
February, 2014The Winter Olympics were taking place in {Sochi}
80%
February, 2010The XXI Winter Olympics are taking place in {Vancouver}
80%
May, 2010Waka Waka, a song by {Shakira}, became the official song of FIFA World Cup 2010
80%
August, 2015{Angela Merkel} said about migration from Middle East 'Wir schaffen das'
60%
March, 2015Arab countries led by Saudi Arabia invade {Yemen} to fight the Houthis
60%
May, 2017A terrorist attack takes place at an {Ariana Grande} concert in Manchester
60%
May, 2016At the Cincinnati Zoo, employees shot the {Harambe} gorilla, into the enclosure from which a child fell
60%
July, 2019{Boris Johnson} becomes UK Prime Minister
60%
November, 2017{Catalonia} declares independence from Spain
60%
October, 2019Donald Trump imposes sanctions against {Turkey} for invading Syria
60%
August, 2012Ecuador granted asylum to {Julian Assange}, founder of the WikiLeaks project
60%
April, 2011{Fidel Castro}, after fifty years of rule in Cuba, leaves his post
60%
June, 2013Former Italian Prime Minister {Silvio Berlusconi} has been found guilty on charges of sexual relations with a minor
60%
December, 2012{Gangnam Style} became the first YouTube video reached a billion views
60%
May, 2011In Pakistan, US special forces eliminated the international terrorist {Osama bin Laden}
60%
February, 2017Kim Jong Nam was killed in {Kuala Lumpur}, which caused a crisis between Malaysia and North Korea
60%
February, 2016{Leonardo DiCaprio} wins the Oscar for Best Actor
60%
October, 2011Libya's deposed leader {Muammar Gaddafi} was brutally murdered
60%
March, 2011Major accident at the {Fukushima} nuclear power plant was became the second largest after Chernobyl
60%
September, 2011Occupy {Wall Street} protests begin in the United States, giving rise to similar ones around the world
60%
November, 2014{One World Trade Center} opens in New York, built instead of the tragically famous twin towers
60%
November, 2013Protests begin in {Ukraine} against the suspension of association talks with the European Union
60%
September, 2015Russia is sending troops to {Syria} to fight the rebels and ISIS
60%
February, 2011South Africa joins the alliance of Brazil, Russia, India and China, forming {BRICS}
60%
September, 2018Starbucks opened in {Italy} for the first time
60%
January, 2018The Cranberries' lead singer {Dolores O'Riordan} found dead in a hotel room
60%
May, 2019The finale of {Game of Thrones}causes a flurry of negative reactions from fans
60%
August, 2011The rebels took the Libyan capital {Tripoli}, effectively overthrowing the previous government
60%
December, 2010The suicide attempt of Mohamed Bouazizi begins unrest in Tunisia, which gave rise to the {Arab Spring}
60%
March, 2018The Winter Olympics are taking place in {Pyeongchang}, South Korea
60%
March, 2013{Xi Jinping} became the President of China
60%
February, 2013A meteorite falls in the Russian city of {Chelyabinsk}
40%
June, 2017A number of Arab countries are severing diplomatic relations with {Qatar}, accusing it of supporting terrorism
40%
August, 2017A parade of far-right, Nazis and racists took place in {Charlottesville}, Virginia
40%
April, 2014Armed clashes begin in eastern Ukraine with the proclaimed {Donetsk} and {Lugansk People's Republics} there
40%
January, 2014{Colorado} became the first state to legalize marijuana
40%
September, 2010Due to a strong earthqua in the city of {Christchurch}, New Zealand has introduced a state of emergency
40%
November, 2019{Evo Morales} resigns as President of Bolivia
40%
September, 2017Hurricane {Irma} caused damage to the Caribbean and Florida
40%
May, 2014In Ukrainian city of {Odessa}, there is a burning of protesters in the House of Culture
40%
February, 2018{Jacob Zuma} ousted from president post in South Africa over corruption allegations
40%
September, 2016{Mother Teresa} was canonized by the Catholic Church
40%
September, 2019Nancy Pelosi initiates the first {impeachment} of Trump
40%
January, 2016North Korea has tested a {hydrogen} bomb
40%
March, 2019{Nursultan Nazarbayev} leaves the post of President of Kazakhstan
40%
January, 2011President of {Tunisia} Zine al-Abidine Ben Ali flees the country because of the unrest
40%
October, 2013The Olympic Flame reached the {North Pole} for the first time on the nuclear icebreaker "50 years of Victory"
40%
January, 2013The {Palestinian} National Authority has declared itself the State of {Palestine}
40%
April, 2016The {Panama} Papers were published, revealing the existence of hidden property of many high-ranking officials
40%
July, 2016The {Pokemon Go} game is coming out, which has gained huge popularity all over the world a week after its release
40%
December, 2015An artificial intelligence company, {OpenAI}, has been founded
20%
November, 2018A referendum on the independence of {New Caledonia} from France is being held
20%
November, 2010{Aung San Suu Kyi} was released after a long period of imprisonment in Myanmar
20%
September, 2012{Bristol} became the first UK city to issue its own regional currency
20%
August, 2013{Chemical} weapons were used in the suburbs of Damascus and killed 355 people, which US blamed on Syrian government
20%
July, 2013{Croatia} joined to the European Union
20%
January, 2017ECOWAS invades {Gambia} to overthrow illegitimate President
20%
August, 2019Fires in the {Amazon} are happening at record speed
20%
October, 2016Genocide against the {Rohingya} Muslim people begins in Myanmar
20%
September, 2013{Grand Theft Auto V} game has been released, the fifteenth in its legendary series
20%
May, 2015ISIS captures the ancient Syrian city of {Palmyra}
20%
April, 2010{Lech Kaczynski} dies in a plane crash near Smolensk, which Poland accuses the Russia of (later refuted)
20%
May, 2013Near El Reno, {Oklahoma}, there was a devastating tornado, the most powerful recorded
20%
June, 2019Protests begin in {Hong Kong}, symbolized by umbrellas
20%
January, 2015{Salman ibn Saud} became the King of Saudi Arabia
20%
May, 2012Swedish singer {Loreen} won the Eurovision Song Contest in Baku with the song Euphoria
20%
June, 2012The last Pinta island tortoise named {Lonesome George}, is dying, which has made this species completely extinct
20%
October, 2012The Nobel Peace Prize was awarded to the international organization — {European Union}
20%
March, 2017There was a terrorist attack on {Westminster} Bridge in London
20%
February, 2015The second agreements on the settlement of the conflict in Ukraine are signed in {Minsk}
20%
April, 2018A velvet revolution is taking place in {Armenia}
0%
December, 2016{Bob Dylan} wins the Nobel Prize in Literature
0%
October, 2018{Girl With Balloon} painting was cut through a shredder after being sold at auction
0%
March, 2016In France, during the {Nuit debout} movement, people began to occupy city squares
0%
April, 2012In Mali, Tuaregs proclaim the independent state of {Azawad}
0%
October, 2017In {New York City}, a terrorist carried out an attack by stampeding pedestrians
0%
October, 2014{Joko Widodo} became President of Indonesia
0%
April, 2015Powerful earthquakes have a devastating effect on {Nepal} and its capital
0%
August, 2014{Recep Erdogan} has been elected President of Turkey
0%
November, 2011The first line of the {Nord Stream} gas pipeline connecting Vyborg and Greifswald has been launched
0%
January, 2012The {Muslim Brotherhood} terrorist group comes to power in Egypt
0%
June, 2011The presidential palace was shelled in Yemen. The president was hospitalized, power passed to {Mansour Hadi}
0%
January, 2019The Venezuelan opposition, led by {Juan Guaido}, calls Maduro an illegitimate president
0%
June, 2015{USA PATRIOT} Act, introduced in 2001, has finally lapsed
0%

Score Distribution

Percentile by Number Answered

Percent of People with Each Score

Your Score History

You have not taken this quiz since the last reset